Banking products and services

Bibliographic Details
Format: Book
Published: New Delhi : Indian Institute of Banking & Finance , 2007
Subjects:

MARC

LEADER 00000cam a2200000 7i4500
001 0000039292
005 20131217.0
008 131217
090 0 0 |a 332.17   |b BAN 
245 1 0 |a Banking products and services 
260 |a New Delhi :   |b Indian Institute of Banking & Finance ,   |c 2007 
650 0 |a Bank and banking 
650 0 |a Customer services 
999 |a 0001257490   |b Book   |c Adult Collection   |e Perbadanan Perpustakaan Awam Johor